Statistics for Taylor Swift 1989 ( TV) A to Z

Click here to take the quiz!

General Stats

  • This quiz has been taken 23 times
  • The average score is 18 of 22

Answer Stats

LetterAnswer% Correct
BBad Blood
95%
CClean
95%
Is It Over Now?
95%
Sl"t
95%
WWelcome To New York
95%
Blank Space
90%
Style
90%
Wildest Dreams
90%
HHow You Get The Girl
86%
Shake it off
86%
Suburban Legends
86%
YYou Are In love
86%
NNew Romantics
81%
OOut Of The Woods
81%
TThis Love
81%
Wonderland
81%
AAll You Had To Do Was Stay
76%
Now That hat We Don't Talk
76%
SSay Don't Go
76%
I Wish You Would
71%
II Know Places
67%
Sweeter Than han Fiction
38%

Score Distribution

Percentile by Number Answered

Percent of People with Each Score

Your Score History

You have not taken this quiz